Normal view
MARC view
Entry Topical Term
001 - CONTROL NUMBER
- control field: 54339
003 - CONTROL NUMBER IDENTIFIER
- control field: OSt
005 - DATE AND TIME OF LATEST TRANSACTION
- control field: 20250613105049.0
008 - FIXED-LENGTH DATA ELEMENTS
- fixed length control field: 250613|| aca||aabn | a|a d
040 ## - CATALOGING SOURCE
- Original cataloging agency: OSt
- Transcribing agency: OSt
150 ## - HEADING--TOPICAL TERM
- Topical term or geographic name entry element: Fear appeal, Communication, Culture, Social marketing, Vaccine hesitancy
670 ## - SOURCE DATA FOUND
- Source citation: Work cat.: (OSt): Bharadwaj, Apoorva and Mehta, Ritu 54338, Developing a model for use of fear appeals for countering vaccine hesitancy in intercultural contexts
